[Event "Genova op 4th"]
[Site "Genova"]
[Date "2000.08.13"]
[Round "8"]
[White "Ferreira, Maurizio"]
[Black "Orsenigo, Davide"]
[Result "1/2-1/2"]
[WhiteElo "1531"]
[BlackElo "1413"]
[PlyCount "67"]
[EventDate "2000.08.07"]
[EventType "swiss"]
[EventRounds "11"]
[EventCountry "ITA"]
[SourceTitle "EXT 2024"]
[Source "ChessBase"]
[SourceDate "2023.10.10"]
[SourceVersion "1"]
[SourceVersionDate "2023.10.10"]
[SourceQuality "1"]

1. Nf3 b5 2. g3 Bb7 3. Bg2 c5 4. b3 Nf6 5. Bb2 d5 6. 0-0 Nbd7 7. c4 dxc4 8. bxc4 a6 9. d3 e6 10. a4 b4 11. Nbd2 a5 12. Nb3 Bd6 13. e4 Qc7 14. Re1 Ne5 15. Ng5 Be7 16. f4 Nc6 17. Nf3 Rd8 18. Qe2 0-0 19. Ne5 Nd7 20. Nf3 f6 21. Bh3 e5 22. f5 Nb6 23. Nh4 Nc8 24. Ng6 Rfe8 25. Bc1 Rd7 26. Bf1 Nd4 27. Nxd4 Rxd4 28. Be3 Rd6 29. Red1 Rc6 30. Nh4 Nd6 31. g4 Nf7 32. Nf3 Rd8 33. h4 h6 34. Nd2 1/2-1/2